| Tag |
First Indicator |
Second Indicator |
Subfields |
| LEADER |
00000cam a2200000 a 4500 |
| 001 |
in00000013625 |
| 005 |
20151007052523.0 |
| 008 |
870805s1987 enka b 10100 eng |
| 010 |
|
|
|a 87007261
|
| 020 |
|
|
|a 0080349226 :
|c $88.00 (est.)
|
| 035 |
|
|
|a (OCoLC)16526319
|
| 035 |
|
|
|9 AAA8117AM
|
| 040 |
|
|
|a DLC
|c DLC
|d TXA
|d UtOrBLW
|
| 049 |
|
|
|a TXAM
|c [A11049307]
|
| 050 |
0 |
0 |
|a TA169.6
|b .E95 1986a
|
| 082 |
0 |
|
|a 620/.00452
|2 19
|
| 111 |
2 |
|
|a European Workshop on Fault Diagnostics, Reliability, and Related Knowledge-Based Approaches
|n (2nd :
|d 1987 :
|c University of Manchester Institute of Science and Technology)
|
| 245 |
1 |
0 |
|a Fault detection & reliability :
|b knowledge based & other approaches /
|c [edited by] M.G. Singh [and others].
|
| 250 |
|
|
|a 1st ed.
|
| 264 |
|
1 |
|a Oxford [Oxfordshire] ;
|a New York :
|b Pergamon Press,
|c 1987.
|
| 300 |
|
|
|a ix, 324 pages :
|b illustrations ;
|c 24 cm.
|
| 336 |
|
|
|a text
|b txt
|2 rdacontent
|
| 337 |
|
|
|a unmediated
|b n
|2 rdamedia
|
| 338 |
|
|
|a volume
|b nc
|2 rdacarrier
|
| 490 |
1 |
|
|a International series on systems and control ;
|v v. 9
|
| 500 |
|
|
|a "Proceedings of the Second European Workshop on Fault Diagnostics, Reliability, and Related Knowledge-Based Approaches, UMIST, Manchester, April 6-8, 1987."
|
| 504 |
|
|
|a Includes bibliographies and index.
|
| 650 |
|
0 |
|a Fault location (Engineering)
|x Congresses.
|
| 650 |
|
0 |
|a Reliability (Engineering)
|v Congresses.
|
| 650 |
|
0 |
|a System analysis
|v Congresses.
|
| 700 |
1 |
|
|a Singh, Madan G.
|
| 740 |
0 |
|
|a Fault detection and realiability.
|
| 830 |
|
0 |
|a International series on systems and control ;
|v v. 9.
|
| 999 |
|
|
|a MARS
|
| 999 |
f |
f |
|s 48ca5384-fba1-37d7-aa0e-ba9f00410680
|i 6dd3d4d7-f4eb-3895-a43d-dde6cfbb3878
|t 0
|
| 952 |
f |
f |
|p ric
|a Texas A&M University
|b Rellis Campus
|c Joint Library Facility
|d Remote Storage
|t 0
|e TA169.6 .E95 1986a
|h Library of Congress classification
|i unmediated -- volume
|m A14811049307
|
| 998 |
f |
f |
|a TA169.6 .E95 1986a
|t 0
|l Remote Storage
|